Das Judentum : Die religiöse Situation der Zeit / Hans Küng
Record details
- ISBN: 3-492-22827-5
- Physical Description: 905 s. + 1 tab.
- Publisher: München : Piper, 1999
Content descriptions
| General Note: | Jmenný a věcný rejstřík na s. 879-905 |
| Bibliography, etc. Note: | Bibliografie |
Search for related items by subject
| Subject: | religionistika učení judaismu |
| Genre: | monografie |
Search for related items by series
Available copies
- 1 of 1 copy available at Common Catalog SPOK.
Holds
- 0 current holds with 1 total copy.
Other Formats and Editions
Show Only Available Copies
| Location | Call Number / Copy Notes | Barcode | Shelving Location | Status | Due Date |
|---|---|---|---|---|---|
| The Jewish community of Prague | J 2207 | 4638304722 | J - Judaika | Available | - |
| LDR | 00926nam a22003017a 4500 | ||
|---|---|---|---|
| 001 | 56915 | ||
| 003 | CZ-PrJAB | ||
| 005 | 20230128203944.0 | ||
| 008 | 041216s1999 gw r ||| | ger d | ||
| 020 | . | ‡a3-492-22827-5 | |
| 035 | . | ‡a(CZ PrSKC)990003546480106986 | |
| 040 | . | ‡aABD064 ‡bcze ‡cABD064 | |
| 080 | . | ‡a291 ‡2MRF | |
| 080 | . | ‡a296 ‡2MRF | |
| 100 | 1 | . | ‡aKüng, Hans, ‡d1928-2021 ‡7jn19990004781 ‡4aut |
| 245 | 1 | 4. | ‡aDas Judentum : ‡bDie religiöse Situation der Zeit / ‡cHans Küng |
| 260 | . | ‡aMünchen : ‡bPiper, ‡c1999 | |
| 300 | . | ‡a905 s. + ‡e1 tab. | |
| 490 | 1 | . | ‡aSerie Pieper |
| 500 | . | ‡aJmenný a věcný rejstřík na s. 879-905 | |
| 504 | . | ‡aBibliografie | |
| 650 | 0 | 7. | ‡areligionistika ‡7ph125111 ‡2czenas |
| 650 | 0 | 7. | ‡aučení judaismu ‡7ph162852 ‡2czenas |
| 655 | 7. | ‡amonografie ‡7fd132842 ‡2czenas | |
| 830 | 0. | ‡aSerie Pieper | |
| 910 | . | ‡aABE461 | |
| 995 | . | ‡aska | |
| 901 | . | ‡a56915 ‡bAUTOGEN ‡c56915 ‡tbiblio | |